000 00436nam a22001697a 4500
003 NUST - PNEC
005 20170116180833.0
008 150801b xxu||||| |||| 00| 0 eng d
020 _a0131849794
040 _cLIBRARY
082 _a519.4128553042 HAN
100 _94752
_aHanselman, Duane C.
245 _aThe student edition of MATLAB
_cDuane C.Hanselman
260 _cc 1995
650 _94754
_aMATLAB
_xMATLAB
942 _2ddc
_cBK
999 _c64093
_d64093